Essentials of statistics / (Record no. 19740)
[ view plain ]
| 000 -LEADER | |
|---|---|
| fixed length control field | 00866cam a22002895a 4500 |
| 001 - CONTROL NUMBER | |
| control field | 016890109 |
| 003 - CONTROL NUMBER IDENTIFIER | |
| control field | OSt |
| 005 - DATE AND TIME OF LATEST TRANSACTION | |
| control field | 20240818092958.0 |
| 008 - FIXED-LENGTH DATA ELEMENTS--GENERAL INFORMATION | |
| fixed length control field | 141014t2015 enk fr 001 0 eng d |
| 020 ## - INTERNATIONAL STANDARD BOOK NUMBER | |
| International Standard Book Number | 9781292058764 (paperback) |
| 020 ## - INTERNATIONAL STANDARD BOOK NUMBER | |
| International Standard Book Number | 1292058765 (paperback) |
| 040 ## - CATALOGING SOURCE | |
| Original cataloging agency | Uk |
| Language of cataloging | eng |
| Transcribing agency | Uk |
| Modifying agency | EG-ScBUE |
| 082 04 - DEWEY DECIMAL CLASSIFICATION NUMBER | |
| Classification number | 519.5 |
| Edition number | 22 |
| Item number | TRI |
| 100 1# - MAIN ENTRY--PERSONAL NAME | |
| Personal name | Triola, Mario F. |
| 9 (RLIN) | 10326 |
| 245 10 - TITLE STATEMENT | |
| Title | Essentials of statistics / |
| Statement of responsibility, etc | Mario F. Triola. |
| 250 ## - EDITION STATEMENT | |
| Edition statement | 5th ed., Global ed. |
| 260 ## - PUBLICATION, DISTRIBUTION, ETC. (IMPRINT) | |
| Place of publication, distribution, etc | Harlow : |
| Name of publisher, distributor, etc | Pearson Education Limited, |
| Date of publication, distribution, etc | c.2015. |
| 300 ## - PHYSICAL DESCRIPTION | |
| Extent | 688 p. : |
| Other physical details | ill. ; |
| Dimensions | 28 cm. |
| 336 ## - | |
| -- | rdacontent |
| -- | text |
| -- | txt |
| 337 ## - | |
| -- | unmediated |
| -- | rdamedia |
| -- | n |
| 338 ## - | |
| -- | volume |
| -- | nc |
| -- | rdacarrier |
| 500 ## - GENERAL NOTE | |
| General note | Index : p. 679-688. |
| 650 #7 - SUBJECT ADDED ENTRY--TOPICAL TERM | |
| Source of heading or term | BUEsh |
| 9 (RLIN) | 2829 |
| Topical term or geographic name as entry element | Statistics. |
| 651 ## - SUBJECT ADDED ENTRY--GEOGRAPHIC NAME | |
| Source of heading or term | BUEsh |
| 653 ## - INDEX TERM--UNCONTROLLED | |
| Resource For college | Engineering, General |
| Arrived date list | June2015 |
| -- | October2015 |
| 942 ## - ADDED ENTRY ELEMENTS (KOHA) | |
| Source of classification or shelving scheme | Dewey Decimal Classification |
| Classification part | RDA-MOD |
| Withdrawn status | Lost status | Source of classification or shelving scheme | Damaged status | Not for loan | Koha collection | Home library | Current library | Shelving location | Date acquired | Source of acquisition | Cost, normal purchase price | Serial Enumeration / chronology | Total Checkouts | Total Renewals | Full call number | Barcode | Date last seen | Date last borrowed | Cost, replacement price | Koha item type |
|---|---|---|---|---|---|---|---|---|---|---|---|---|---|---|---|---|---|---|---|---|
| Dewey Decimal Classification | Alahram | Central Library | Central Library | First floor | 17/06/2015 | Purchase | 295.00 | 338 | 1 | 5 | 519.5 TRI | 000038660 | 15/07/2025 | 06/04/2017 | 368.75 | Book - Borrowing |